000 00702nam a22002297a 4500
003 UA-OsUOA
001 46770
007 ta
008 20070705b un ||||| |||| 00| 0 ukr d
100 _aГоршков А. И.
090 _a81"82
_bГ70
942 _cBK
040 _aUA-OsUOA
_brus
_cUA-OsUOA
_dUA-OsUOA
245 _aТеоретические основы истории русского литературного языка
300 _a158 с.
955 _a2
041 _arus
080 _a81"82
260 _aМ.
_bНаука
_c1983
650 7 _a8 Мовознавство. Художня література. Літературознавство
_2UDC
999 _c332875
_d332875